[Event "China - France Youth Match"]
[Site "Shenzheng CHN"]
[Date "2005.07.03"]
[EventDate "2005.06.28"]
[Round "6"]
[Result "1/2-1/2"]
[White "Maxime Vachier-Lagrave"]
[Black "Zhao Jun"]
[WhiteElo "2525"]
[BlackElo "2521"]
[PlyCount "47"]

1. e4 c5 2. Nf3 Nc6 3. Nc3 Nf6 4. Bb5 Qc7 5. O-O Nd4 6. Re1 a6
7. Bf1 e5 8. d3 d6 9. Bg5 Be7 10. Nd2 Be6 11. f4 exf4 12. Bxf4
O-O 13. Nc4 Rfe8 14. Qd2 Nh5 15. Bg5 Bxc4 16. Bxe7 Qxe7
17. dxc4 Qe5 18. Nd5 Nf6 19. Bd3 Ng4 20. Qf4 Qxf4 21. Nxf4 Ne5
22. Rad1 Rac8 23. c3 Ne6 24. Nxe6 1/2-1/2

[Event "China - France Youth Match"]
[Site "Shenzheng CHN"]
[Date "2005.07.04"]
[EventDate "2005.06.28"]
[Round "7"]
[Result "1/2-1/2"]
[White "Maxime Vachier-Lagrave"]
[Black "Zhao Xue"]
[WhiteElo "2525"]
[BlackElo "2478"]
[PlyCount "119"]

1. e4 e5 2. Nf3 Nc6 3. Bb5 a6 4. Ba4 Nf6 5. O-O Be7 6. Re1 b5
7. Bb3 O-O 8. c3 d6 9. h3 Nb8 10. d4 Nbd7 11. Nbd2 Bb7 12. Bc2
c5 13. b3 cxd4 14. cxd4 Rc8 15. Bb2 exd4 16. Nxd4 Re8 17. a4
bxa4 18. Rxa4 Bf8 19. Nf5 g6 20. Ng3 d5 21. e5 Qc7 22. Bf5
gxf5 23. exf6 Qc2 24. Bd4 Re6 25. Ndf1 f4 26. Nh5 Qf5 27. Rxe6
fxe6 28. g4 Qc2 29. Qf3 Qe4 30. Qxe4 dxe4 31. Ra5 f3 32. Nf4
e5 33. Bxe5 Bb4 34. Ra4 a5 35. Bd4 Kf7 36. Ra1 Nxf6 37. Ne3
Bd6 38. Bxf6 Kxf6 39. Nh5+ Ke6 40. Nc4 Bb4 41. Kh2 Bc3 42. Ra2
Rc5 43. Nf4+ Ke7 44. Kg3 Ba6 45. Nd2 Bb7 46. Nc4 Bc6 47. Ne3
Be5 48. g5 Bc7 49. h4 Bd7 50. Rd2 Be6 51. Rd4 Bxb3 52. Rxe4+
Kf7 53. Kxf3 a4 54. Rb4 Ba5 55. Rb7+ Rc7 56. Rb5 Ra7 57. h5
Bc7 58. g6+ hxg6 59. hxg6+ Kf6 60. Ned5+ 1/2-1/2

[Event "China - France Youth Match"]
[Site "Shenzheng CHN"]
[Date "2005.07.05"]
[EventDate "2005.06.28"]
[Round "8"]
[Result "1/2-1/2"]
[White "Zhou Jianchao"]
[Black "Maxime Vachier-Lagrave"]
[WhiteElo "2473"]
[BlackElo "2525"]
[PlyCount "59"]

1. d4 Nf6 2. c4 g6 3. Nc3 d5 4. cxd5 Nxd5 5. e4 Nxc3 6. bxc3
Bg7 7. Nf3 O-O 8. Be2 c5 9. Rb1 Nc6 10. d5 Bxc3+ 11. Bd2 Bxd2+
12. Qxd2 Na5 13. h4 Bg4 14. h5 Bxf3 15. gxf3 e5 16. hxg6 fxg6
17. d6 b6 18. Qd5+ Kg7 19. Qxe5+ Qf6 20. Qh2 h5 21. Rd1 Nc6
22. Rg1 Nd4 23. Rd3 Ne6 24. e5 Qf5 25. d7 Nf4 26. Rd6 Kh8
27. Rg4 Qxe5 28. Rxf4 Qxd6 29. Rxf8+ Qxf8 30. Qe5+ 1/2-1/2

[Event "Wch U16"]
[Site "Belfort FRA"]
[Date "2005.07.21"]
[EventDate "?"]
[Round "3.15"]
[Result "1-0"]
[White "Maxime Vachier-Lagrave"]
[Black "Shereif Ismail"]
[WhiteElo "2527"]
[BlackElo "2215"]
[PlyCount "85"]

1. e4 e6 2. d4 d5 3. Nd2 Nf6 4. e5 Nfd7 5. Bd3 c5 6. c3 Nc6
7. Ne2 cxd4 8. cxd4 Qb6 9. O-O Nxd4 10. Nxd4 Qxd4 11. Nf3 Qb6
12. Qa4 Qb4 13. Qc2 Nc5 14. Bd2 Qa4 15. Bxh7 Qxc2 16. Bxc2 Bd7
17. Be3 b6 18. Rac1 a5 19. Nd4 Be7 20. f4 f5 21. exf6 gxf6
22. Nb3 f5 23. Bd4 Rh6 24. Nd2 Bf6 25. Bxf6 Rxf6 26. Nf3 Rc8
27. Rfe1 Ne4 28. Ne5 Ke7 29. Bxe4 fxe4 30. Rxc8 Bxc8 31. Rc1
Kd8 32. g3 Bb7 33. Kf2 d4 34. Rd1 d3 35. Ke3 Ke7 36. h4 Bd5
37. h5 Rh6 38. g4 a4 39. Rh1 Kf8 40. g5 Rh7 41. h6 Kg8 42. g6
Rc7 43. h7+ 1-0

[Event "Wch U16"]
[Site "Belfort FRA"]
[Date "2005.07.23"]
[EventDate "?"]
[Round "5.3"]
[Result "1-0"]
[White "Maxime Vachier-Lagrave"]
[Black "Thibaut Maenhout"]
[WhiteElo "2527"]
[BlackElo "2150"]
[PlyCount "85"]

1. e4 c5 2. Nf3 d6 3. d4 cxd4 4. Nxd4 Nf6 5. Nc3 a6 6. Be3 e5
7. Nb3 Be6 8. f3 Be7 9. Qd2 O-O 10. O-O-O b5 11. g4 b4 12. Nd5
Bxd5 13. exd5 a5 14. Kb1 Qc7 15. Nc1 Rc8 16. g5 Nfd7 17. h4 a4
18. Bd3 a3 19. b3 Nb6 20. Be4 Ra5 21. Rh2 N8d7 22. h5 Qc3
23. Qxc3 Rxc3 24. Bd2 Nxd5 25. Nd3 Rc7 26. Nxb4 Nxb4 27. Bxb4
Ra6 28. Rg2 Nc5 29. Bd5 Kf8 30. g6 fxg6 31. hxg6 h6 32. Rg4
Rc8 33. Rc4 Rb8 34. f4 exf4 35. Rxf4+ Bf6 36. Rdf1 Nd7 37. Bc4
Rc6 38. Bxa3 Ne5 39. Bd5 Ra6 40. Bb2 Ke7 41. Rxf6 gxf6 42. g7
Raa8 43. Rg1 1-0

[Event "Wch U16"]
[Site "Belfort FRA"]
[Date "2005.07.25"]
[EventDate "?"]
[Round "7.2"]
[Result "1-0"]
[White "Maxime Vachier-Lagrave"]
[Black "Xavier Vila Gazquez"]
[WhiteElo "2527"]
[BlackElo "2338"]
[PlyCount "142"]

1. e4 c5 2. Nf3 Nf6 3. Nc3 d5 4. Bb5+ Bd7 5. Bxd7+ Qxd7 6. e5
Ne4 7. Ne2 c4 8. b4 cxb3 9. axb3 e6 10. O-O Be7 11. d3 Nc5
12. Nf4 Nc6 13. Qd2 Qc7 14. Bb2 O-O 15. Rfe1 b5 16. Nh5 Nd7
17. Qf4 g6 18. Qg4 Rfc8 19. Nf4 Nf8 20. h4 h6 21. h5 g5
22. Ne2 Nb4 23. Rec1 Qb6 24. Ba3 a5 25. Ned4 Bc5 26. Nxg5 hxg5
27. Qxg5+ Kh7 28. Qf6 Qd8 29. Qxf7+ Kh8 30. Nxb5 Nh7 31. d4
Qg5 32. Qxe6 Rg8 33. Qh3 Bb6 34. Nd6 Raf8 35. e6 Qf4 36. Nf7+
Kg7 37. c3 Ng5 38. Nxg5 Qxg5 39. Rf1 Rh8 40. e7 Re8 41. Bc1
Qxh5 42. Qxh5 Rxh5 43. cxb4 Bxd4 44. Ra4 axb4 45. Rxb4 Bc5
46. Bb2+ Kf7 47. Rf4+ Kxe7 48. Re1+ Kd8 49. Rxe8+ Kxe8 50. g3
Kd7 51. Kg2 Kc6 52. g4 Rg5 53. Kf3 Rg8 54. Bc3 Bd6 55. Rf6 Kd7
56. Rf7+ Kc6 57. Rf6 Kd7 58. Bd2 Ke7 59. Rh6 Be5 60. g5 Rf8+
61. Kg2 Rc8 62. Rh3 Ke6 63. f4 Rc2 64. Re3 Rxd2+ 65. Kf3 d4
66. Rxe5+ Kf7 67. Ke4 Rd1 68. Kf5 d3 69. g6+ Kf8 70. Kf6 Rg1
71. Rd5 Kg8 1-0

[Event "Wch U16"]
[Site "Belfort FRA"]
[Date "2005.07.26"]
[EventDate "?"]
[Round "8.1"]
[Result "1-0"]
[White "Maxime Vachier-Lagrave"]
[Black "Tomasz Warakomski"]
[WhiteElo "2527"]
[BlackElo "2375"]
[PlyCount "81"]

1. e4 e5 2. Nf3 Nc6 3. Bb5 a6 4. Bxc6 dxc6 5. O-O f6 6. d4 Bg4
7. c3 Bd6 8. Nbd2 Qd7 9. dxe5 fxe5 10. h3 Bh5 11. Nxe5 Bxd1
12. Nxd7 Bh5 13. e5 Kxd7 14. exd6 cxd6 15. Nc4 Rf8 16. Re1 Bf7
17. b3 Bxc4 18. bxc4 Ne7 19. c5 dxc5 20. Ba3 Re8 21. Bxc5 Nc8
22. Red1+ Kc7 23. Rab1 b6 24. Bd4 Re7 25. f4 c5 26. Be5+ Kc6
27. Rd2 Rf8 28. Rbd1 Kb5 29. c4+ Kc6 30. a4 b5 31. cxb5+ axb5
32. axb5+ Kxb5 33. Rc1 g5 34. Rd5 gxf4 35. Rdxc5+ Ka6 36. Ra1+
Kb7 37. Rb1+ Ka6 38. Rc6+ Ka7 39. Bd4+ Ka8 40. Bc5 Rb7
41. Ra1+ 1-0

[Event "Wch U16"]
[Site "Belfort FRA"]
[Date "2005.07.26"]
[EventDate "?"]
[Round "9.1"]
[Result "1/2-1/2"]
[White "Ian Nepomniachtchi"]
[Black "Maxime Vachier-Lagrave"]
[WhiteElo "2502"]
[BlackElo "2527"]
[PlyCount "109"]

1. e4 c5 2. Nf3 e6 3. c3 Nf6 4. e5 Nd5 5. d4 cxd4 6. cxd4 d6
7. Bc4 Nc6 8. Qe2 Be7 9. O-O O-O 10. Qe4 Bd7 11. Re1 Qb6
12. exd6 Bxd6 13. Nc3 Nf6 14. Qh4 Ne7 15. Bd3 Nf5 16. Bxf5
exf5 17. Ne5 Be6 18. Bh6 Ne8 19. d5 Bxe5 20. Rxe5 Qxb2 21. Rc1
gxh6 22. Qg3+ Ng7 23. Rb1 Qd2 24. dxe6 fxe6 25. h4 Qd7 26. Ne2
Rac8 27. Nf4 Rc6 28. Rbe1 Kh8 29. Qa3 Ra8 30. Qb2 Re8 31. Nh5
Rf8 32. Nf4 Re8 33. R5e3 Rb6 34. Qa1 Rd6 35. Qe5 Rd1 36. Rxd1
Qxd1+ 37. Kh2 Qd8 38. Rg3 Rg8 39. Rd3 Qb8 40. Rd6 Re8 41. g3
Qc7 42. Nh5 Qf7 43. Nf6 Rf8 44. Nd7 Rd8 45. Qd4 Qe7 46. Qd2 f4
47. Qxf4 Nf5 48. Qe5+ Qg7 49. Rxe6 Qxe5 50. Nxe5 Kg7 51. Nf3
Rd3 52. Ne5 Rd2 53. Kg2 Rxa2 54. h5 Re2 55. Kf1 1/2-1/2

[Event "Wch U16"]
[Site "Belfort FRA"]
[Date "2005.07.27"]
[EventDate "?"]
[Round "10.3"]
[Result "1-0"]
[White "Krisztian Szabo"]
[Black "Maxime Vachier-Lagrave"]
[WhiteElo "2422"]
[BlackElo "2527"]
[PlyCount "61"]

1. e4 c5 2. Nf3 d6 3. d4 cxd4 4. Nxd4 Nf6 5. Nc3 a6 6. f3 e6
7. Be3 b5 8. Qd2 Nbd7 9. g4 Nb6 10. O-O-O Bb7 11. Qf2 Nfd7
12. Bd3 Rc8 13. Nce2 Be7 14. Kb1 O-O 15. f4 Nc5 16. Ng3 Nc4
17. Bc1 Qc7 18. g5 d5 19. e5 Rfd8 20. Nh5 Ne4 21. Qh4 Bc5
22. Nf3 Bf2 23. Qh3 Qc5 24. f5 exf5 25. Nf6+ gxf6 26. gxf6 Kh8
27. Bxe4 fxe4 28. Ng5 Na3+ 29. bxa3 Qxc2+ 30. Ka1 Qc3+
31. Qxc3 1-0

[Event "6th Lausanne Young Masters"]
[Site "Lausanne SUI"]
[Date "2005.09.16"]
[EventDate "2005.09.14"]
[Round "2.1"]
[Result "1-0"]
[White "Maxime Vachier-Lagrave"]
[Black "Nana Dzagnidze"]
[WhiteElo "2527"]
[BlackElo "2438"]
[PlyCount "144"]

1. e4 c6 2. d4 d5 3. e5 Bf5 4. Be3 e6 5. Nd2 Qb6 6. Nb3 Nd7
7. Nf3 Bg6 8. Be2 Ne7 9. O-O Nf5 10. Bd2 Qd8 11. c4 Be7 12. g4
Nh4 13. Nxh4 Bxh4 14. f4 Be4 15. Be3 dxc4 16. Nd2 Bd5 17. Bxc4
Nb6 18. Bd3 Be7 19. Qe2 g6 20. Ne4 h5 21. f5 gxf5 22. gxf5
Rg8+ 23. Kh1 Rg4 24. fxe6 Rxe4 25. exf7+ Kd7 26. Bxe4 Bxe4+
27. Kg1 Qg8+ 28. fxg8=Q Rxg8+ 29. Bg5 Rxg5+ 30. Kf2 Rg2+
31. Ke1 Rxe2+ 32. Kxe2 Nd5 33. Rf7 Ke6 34. Raf1 b5 35. Rg7 Bf5
36. Rc1 Kd7 37. Rg8 a5 38. Ra8 Bg4+ 39. Kf2 Bg5 40. Ra7+ Nc7
41. Rg1 Bd8 42. Rxg4 hxg4 43. Kg3 Ke6 44. Kxg4 Nd5 45. Rh7 Bb6
46. Rh6+ Kd7 47. Rd6+ Kc7 48. Kf5 Bxd4 49. b3 Ne3+ 50. Ke4 Bc5
51. Rd2 Nd5 52. h4 Kd7 53. h5 Bf8 54. Rg2 Ne7 55. Rf2 Ke8
56. e6 c5 57. Rc2 Ng8 58. Ke5 Bg7+ 59. Kd5 Nf6+ 60. Kxc5 Nxh5
61. Kxb5 Ke7 62. Rc5 Nf6 63. Rc7+ Kf8 64. Kxa5 Nh5 65. Rd7
Bc3+ 66. Kb5 Nf6 67. Rf7+ Ke8 68. a4 Kd8 69. a5 Ne8 70. a6
Nd6+ 71. Kc6 Nxf7 72. exf7 Ke7 1-0

[Event "6th Lausanne Young Masters"]
[Site "Lausanne SUI"]
[Date "2005.09.17"]
[EventDate "2005.09.14"]
[Round "2.2"]
[Result "1/2-1/2"]
[White "Nana Dzagnidze"]
[Black "Maxime Vachier-Lagrave"]
[WhiteElo "2438"]
[BlackElo "2527"]
[PlyCount "100"]

1. d4 Nf6 2. Nf3 g6 3. c4 Bg7 4. Nc3 d5 5. Qb3 dxc4 6. Qxc4
O-O 7. e4 a6 8. Bf4 b5 9. Qxc7 Qxc7 10. Bxc7 Bb7 11. e5 Nd5
12. Nxd5 Bxd5 13. Bb6 Rc8 14. Bd3 Nc6 15. O-O Nb4 16. Bb1 Nc2
17. Bxc2 Rxc2 18. b3 Rac8 19. Rfd1 Bxf3 20. gxf3 f6 21. f4 g5
22. exf6 Bxf6 23. fxg5 Bxg5 24. Rd3 Bh4 25. d5 Rf8 26. Rf1 Rf6
27. Bd4 Rg6+ 28. Kh1 Rxa2 29. b4 Re2 30. Bc5 Rc2 31. Rh3 Bf6
32. Ra3 Bh4 33. Rg1 Kf7 34. Rxg6 hxg6 35. Kg2 Rd2 36. Rxa6
Rxd5 37. Rb6 Rg5+ 38. Kf1 Rf5 39. Ke2 Re5+ 40. Kf1 Rf5 41. Rb7
Bf6 42. h3 Rh5 43. Kg2 Rg5+ 44. Kf3 Rf5+ 45. Ke4 Re5+ 46. Kd3
Rd5+ 47. Kc2 Rf5 48. Kd3 Rd5+ 49. Ke2 Re5+ 50. Kf1 Rf5 1/2-1/2

[Event "Nantes op 4th"]
[Site "Nantes"]
[Date "2005.12.27"]
[EventDate "2005.??.??"]
[Round "6"]
[Result "0-1"]
[White "Philippe Jaulin"]
[Black "Maxime Vachier-Lagrave"]
[WhiteElo "2178"]
[BlackElo "2637"]
[PlyCount "88"]

1. e4 c5 2. c3 Nf6 3. e5 Nd5 4. d4 cxd4 5. Nf3 Nc6 6. Bc4 Nb6
7. Bb3 g6 8. Ng5 d5 9. exd6 e6 10. Qf3 Ne5 11. Qe2 Bxd6
12. cxd4 Nc6 13. Nf3 O-O 14. O-O Nd5 15. Nc3 b6 16. Ne4 Be7
17. Bh6 Re8 18. a3 Nf6 19. Rad1 Na5 20. Ba2 Nxe4 21. Qxe4 Bb7
22. Qf4 Bd5 23. Ng5 Bf6 24. Ne4 Bxe4 25. Qxe4 Qe7 26. Bf4 Nb7
27. Rfe1 Rad8 28. Qe3 Nd6 29. Be5 Nf5 30. Qf4 Bxe5 31. Rxe5
Qd6 32. d5 f6 33. Re4 e5 34. Qd2 Rc8 35. h3 Kg7 36. Rc4 Rxc4
37. Bxc4 Rc8 38. Bf1 Nd4 39. f4 Qxd5 40. fxe5 fxe5 41. Bd3 Ne6
42. Qe2 Rd8 43. Bc2 Nd4 44. Qf2 Rf8 0-1

[Event "TCh-FRA Top 16 Gp A"]
[Site "Paris FRA"]
[Date "2006.02.03"]
[EventDate "?"]
[Round "1"]
[Result "1-0"]
[White "Maxime Vachier-Lagrave"]
[Black "Romain Edouard"]
[WhiteElo "2542"]
[BlackElo "2365"]
[PlyCount "125"]

1. e4 c5 2. Nf3 d6 3. d4 cxd4 4. Nxd4 Nf6 5. Nc3 Nc6 6. Bg5 e6
7. Qd2 Be7 8. O-O-O Nxd4 9. Qxd4 a6 10. f4 O-O 11. Be2 b5
12. Bf3 Rb8 13. Bxf6 Bxf6 14. Qxd6 Bb7 15. e5 Bxf3 16. gxf3
Be7 17. Qxd8 Bxd8 18. Ne4 Bb6 19. Rhe1 Rfd8 20. c3 h6 21. Rd6
Kh7 22. Kc2 Kg6 23. a4 bxa4 24. Rc6 Rdc8 25. f5+ Kh5 26. Ng3+
Kh4 27. Rd6 a3 28. fxe6 fxe6 29. Re4+ Kh3 30. bxa3 Rf8 31. f4
g5 32. Nh5 Kg4 33. Nf6+ Kf5 34. fxg5 Bc5 35. Rxa6 Rxf6
36. exf6 Kxe4 37. g6 Kf5 38. Ra5 Kxg6 39. Rxc5 Kxf6 40. a4 e5
41. a5 Ra8 42. Kd3 Kf5 43. Ke3 h5 44. c4 h4 45. Rb5 Ra6 46. c5
h3 47. Kf3 Rc6 48. Rb3 Rxc5 49. Ra3 Rc7 50. a6 Ra7 51. Kg3 e4
52. Ra5+ Ke6 53. Kxh3 Kd6 54. Kg4 Kc6 55. Kf4 Kb6 56. Ra2 Rf7+
57. Kxe4 Ka7 58. h4 Rh7 59. Rh2 Rh5 60. Kf4 Kxa6 61. Kg4 Rh8
62. h5 Kb6 63. h6 1-0

[Event "TCh-FRA Top 16 Gp A"]
[Site "Paris FRA"]
[Date "2006.02.04"]
[EventDate "2006.02.03"]
[Round "2"]
[Result "1/2-1/2"]
[White "Petar Popovic"]
[Black "Maxime Vachier-Lagrave"]
[WhiteElo "2498"]
[BlackElo "2542"]
[PlyCount "86"]

1. e4 c5 2. Nf3 d6 3. d4 cxd4 4. Nxd4 Nf6 5. Nc3 a6 6. g3 e5
7. Nde2 Nbd7 8. a4 b6 9. Bg2 Bb7 10. h3 Rc8 11. g4 Nc5 12. Ng3
g6 13. h4 Ne6 14. h5 Nf4 15. Bxf4 exf4 16. Nge2 gxh5 17. g5
Ng4 18. Rxh5 Rg8 19. Nxf4 Rxg5 20. Ncd5 Bg7 21. Rxh7 Bxd5
22. Nxd5 Nf6 23. Rxg7 Rxg7 24. Ne3 Rc5 25. Qf3 Rcg5 26. O-O-O
Ng4 27. Nf5 Ne5 28. Nxg7+ Rxg7 29. Qh3 Qg5+ 30. Kb1 Ke7
31. Qc3 Qg4 32. f3 Qe6 33. Bf1 Rg1 34. Qe3 Rh1 35. f4 Nd7
36. Qf3 Rg1 37. Bxa6 Rxd1+ 38. Qxd1 Nc5 39. Bb5 Qxe4 40. Qd2
Nxa4 41. f5 Nc5 42. Qg5+ Kf8 43. Qd8+ Kg7 1/2-1/2

[Event "TCh-FRA Top 16 Gp A"]
[Site "Paris FRA"]
[Date "2006.02.05"]
[EventDate "?"]
[Round "3"]
[Result "1-0"]
[White "Maxime Vachier-Lagrave"]
[Black "Fabrice Moracchini"]
[WhiteElo "2542"]
[BlackElo "2290"]
[PlyCount "63"]

1. e4 e6 2. d4 d5 3. Nd2 c5 4. exd5 Qxd5 5. Ngf3 cxd4 6. Bc4
Qd6 7. O-O Nf6 8. Nb3 Nc6 9. Nbxd4 Nxd4 10. Nxd4 a6 11. Bb3
Qc7 12. Qf3 Bd6 13. Kh1 O-O 14. Bg5 Be5 15. Rad1 h6 16. Bh4
Nh7 17. Rfe1 Bf6 18. Bg3 Qb6 19. Qc3 Bd7 20. Bc7 Qa7 21. Qg3
Rac8 22. Nf5 Bc6 23. Nxh6+ Kh8 24. Ng4 Bxb2 25. Bd6 Rfd8
26. Ne5 Be8 27. Re3 Bd4 28. Red3 Bxf2 29. Qf4 Nf6 30. Rf1 Bc5
31. Rh3+ Kg8 32. Qh4 1-0

[Event "Aeroflot Open"]
[Site "Moscow RUS"]
[Date "2006.02.10"]
[EventDate "2006.02.08"]
[Round "3"]
[Result "0-1"]
[White "Darmen Sadvakasov"]
[Black "Maxime Vachier-Lagrave"]
[WhiteElo "2629"]
[BlackElo "2542"]
[PlyCount "76"]

1. e4 c5 2. Nf3 e6 3. d4 cxd4 4. Nxd4 a6 5. Bd3 Bc5 6. Nb3 Be7
7. Qg4 Nf6 8. Qxg7 Rg8 9. Qh6 Nc6 10. f4 Rxg2 11. Qh3 Rg7
12. Nc3 e5 13. f5 d5 14. Bh6 Rg8 15. O-O-O d4 16. Nd5 Nxd5
17. exd5 Qxd5 18. Rhg1 Rxg1 19. Rxg1 e4 20. Rg8+ Kd7 21. Qg2
Qd6 22. Nc5+ Kc7 23. f6 exd3 24. Ne4 Qb4 25. Qg3+ Kb6 26. fxe7
Nxe7 27. Rd8 Nf5 28. Qf2 Qc4 29. Nd6 Qc7 30. Bg5 Ka7 31. c3
Be6 32. Nxf5 Rxd8 33. Bxd8 Qxd8 34. Nxd4 Qg5+ 35. Kb1 Ka8
36. b3 Bg4 37. h4 Qh6 38. Qg3 d2 0-1

[Event "Aeroflot Open"]
[Site "Moscow RUS"]
[Date "2006.02.11"]
[EventDate "2006.02.08"]
[Round "4"]
[Result "1/2-1/2"]
[White "Maxime Vachier-Lagrave"]
[Black "Laurent Fressinet"]
[WhiteElo "2542"]
[BlackElo "2625"]
[PlyCount "32"]

1. e4 e5 2. Nf3 Nc6 3. Bb5 a6 4. Ba4 Nf6 5. O-O b5 6. Bb3 Bc5
7. c3 d6 8. d4 Bb6 9. a4 Bg4 10. axb5 axb5 11. Rxa8 Qxa8
12. Qd3 exd4 13. Nxd4 Ne5 14. Qxb5+ Bd7 15. Qe2 Qxe4 16. Be3
O-O 1/2-1/2

[Event "Aeroflot Open"]
[Site "Moscow RUS"]
[Date "2006.02.12"]
[EventDate "2006.02.08"]
[Round "5"]
[Result "0-1"]
[White "Arkadij Naiditsch"]
[Black "Maxime Vachier-Lagrave"]
[WhiteElo "2657"]
[BlackElo "2542"]
[PlyCount "104"]

1. e4 c5 2. Nf3 d6 3. d4 Nf6 4. Nc3 cxd4 5. Nxd4 a6 6. Bg5 e6
7. f4 Qc7 8. Qf3 b5 9. O-O-O b4 10. Nce2 Nbd7 11. g4 Bb7
12. Bxf6 Nxf6 13. Ng3 Rc8 14. Bd3 g6 15. h4 Bg7 16. h5 Nd7
17. Nb3 Rg8 18. hxg6 hxg6 19. Qe2 Nb6 20. Rhe1 Na4 21. e5 dxe5
22. fxe5 Bh6+ 23. Kb1 Bf4 24. Nf1 Rh8 25. Nbd2 Bd5 26. Nb3 Kf8
27. Bxa6 Bf3 28. Qf2 Bxd1 29. Bxc8 Qxc8 30. Nd4 Bxe5 31. Rxe5
Bxg4 32. Ng3 Rh3 33. Re1 Nxb2 34. Rf1 Qc7 35. Nb5 Nd1 36. Rxd1
Qxg3 37. Rd8+ Kg7 38. Qd4+ e5 39. Qxb4 Rh1+ 40. Kb2 Qe1
41. Qxe1 Rxe1 42. a4 e4 43. Re8 e3 44. Nd4 Bd7 45. Re4 Bxa4
46. Kc3 f5 47. Re7+ Kf6 48. Re6+ Kf7 49. Ra6 Be8 50. Nf3 Rf1
51. Ra7+ Kf6 52. Ra6+ Kg7 0-1

[Event "Aeroflot Open"]
[Site "Moscow RUS"]
[Date "2006.02.13"]
[EventDate "2006.02.08"]
[Round "6"]
[Result "1/2-1/2"]
[White "Maxime Vachier-Lagrave"]
[Black "Vladimir Eduardovich Akopian"]
[WhiteElo "2542"]
[BlackElo "2704"]
[PlyCount "164"]

1. e4 e6 2. d4 d5 3. Nd2 c5 4. exd5 Qxd5 5. Ngf3 cxd4 6. Bc4
Qd6 7. O-O Nf6 8. Nb3 Nc6 9. Nbxd4 Nxd4 10. Nxd4 a6 11. Bb3
Bd7 12. c3 Qc7 13. Bg5 O-O-O 14. Bxf6 gxf6 15. Qh5 Be8
16. Rad1 Kb8 17. Rd2 f5 18. Rfd1 Rc8 19. Kh1 Rg8 20. Qxh7 Rg6
21. Qh3 Rh6 22. Qg3 Bd6 23. Nc6+ Bxc6 24. Qxd6 Rch8 25. Kg1
Rxh2 26. f3 f4 27. Qd8+ Rxd8 28. Rxd8+ Ka7 29. Kxh2 e5
30. R8d2 e4 31. fxe4 Bxe4 32. Kg1 f3 33. Bd5 Qc5+ 34. Kh2 fxg2
35. Bxe4 g1=Q+ 36. Rxg1 Qh5+ 37. Kg3 Qg5+ 38. Kf3 Qxd2 39. Rg2
Qd7 40. c4 Qd1+ 41. Ke3 Qc1+ 42. Kd4 b5 43. cxb5 Qf4 44. Kd3
f5 45. Bc6 axb5 46. Bd5 Qd6 47. Kd4 Kb6 48. Rc2 Qf4+ 49. Kd3
Qg3+ 50. Kd4 Qf4+ 51. Kd3 Qf1+ 52. Kd2 f4 53. Rc6+ Ka7
54. Rc7+ Kb8 55. Rc3 Qf2+ 56. Kc1 Qe1+ 57. Kc2 Qe2+ 58. Kc1 b4
59. Rb3 Qe1+ 60. Kc2 Qf2+ 61. Kd3 f3 62. Rxb4+ Kc7 63. Rc4+
Kb6 64. Bxf3 Qxf3+ 65. Kc2 Qf5+ 66. Kc3 Qb1 67. Rb4+ Ka5
68. a3 Qd1 69. Rc4 Qe1+ 70. Kc2 Qe2+ 71. Kc3 Kb5 72. Rb4+ Kc5
73. Kb3 Qe6+ 74. Kc2 Qf5+ 75. Kb3 Qb1 76. Rc4+ Kd6 77. Rc3 Kd5
78. a4 Qa1 79. Kc2 Qxa4+ 80. Kb1 Kd4 81. Ra3 Qb5 82. Rc3 Ke5
1/2-1/2

[Event "Aeroflot Open"]
[Site "Moscow RUS"]
[Date "2006.02.15"]
[EventDate "2006.02.08"]
[Round "8"]
[Result "1-0"]
[White "Dmitry Jakovenko"]
[Black "Maxime Vachier-Lagrave"]
[WhiteElo "2662"]
[BlackElo "2542"]
[PlyCount "65"]

1. e4 c5 2. Nf3 e6 3. d4 cxd4 4. Nxd4 a6 5. Be2 Nf6 6. Nc3 Qc7
7. O-O Bb4 8. Qd3 Nc6 9. Bg5 Be7 10. Bh4 O-O 11. Rad1 Rd8
12. Bg3 d6 13. Nxc6 bxc6 14. e5 dxe5 15. Bxe5 Rxd3 16. Bxc7
Rxd1 17. Rxd1 Nd5 18. Ba5 Rb8 19. Na4 c5 20. c4 Bd7 21. cxd5
Bxa4 22. b3 Bb5 23. Bxb5 axb5 24. d6 Bf6 25. Bc7 Ra8 26. a4
bxa4 27. bxa4 g6 28. a5 Kf8 29. d7 Bd8 30. Bxd8 Rxd8 31. Kf1
Ke7 32. a6 c4 33. Ke2 1-0

[Event "Aeroflot Open"]
[Site "Moscow RUS"]
[Date "2006.02.16"]
[EventDate "2006.02.08"]
[Round "9"]
[Result "1-0"]
[White "Maxime Vachier-Lagrave"]
[Black "Artyom Timofeev"]
[WhiteElo "2542"]
[BlackElo "2653"]
[PlyCount "95"]

1. e4 c5 2. Nf3 d6 3. d4 cxd4 4. Nxd4 Nf6 5. Nc3 Nc6 6. Bg5 e6
7. Qd2 a6 8. O-O-O Bd7 9. f4 b5 10. Bxf6 gxf6 11. f5 Qb6
12. Nxc6 Bxc6 13. Kb1 Qc5 14. Bd3 O-O-O 15. a4 bxa4 16. Bxa6+
Kc7 17. Qd4 Qxd4 18. Rxd4 Rg8 19. g3 Rb8 20. Rhd1 Be7 21. Rc4
Rb6 22. Bb5 Rgb8 23. Rxc6+ Rxc6 24. Bxc6 Kxc6 25. Rd4 a3
26. Rc4+ Kd7 27. b3 h5 28. Ra4 Rb7 29. Rxa3 d5 30. Ra4 dxe4
31. Rxe4 Rb4 32. Rxb4 Bxb4 33. Ne2 Be1 34. c3 Kd6 35. Kc2 h4
36. gxh4 Bxh4 37. Kd3 Ke5 38. Nd4 Bf2 39. h4 Kf4 40. fxe6 fxe6
41. Nxe6+ Kg4 42. c4 Bxh4 43. c5 Kf5 44. Nd4+ Kg4 45. c6 Bg3
46. b4 f5 47. b5 Bc7 48. Ne6 1-0

[Event "Pontoise op"]
[Site "Pontoise"]
[Date "2006.03.25"]
[EventDate "2006.??.??"]
[Round "8"]
[Result "0-1"]
[White "Kevin Roser"]
[Black "Maxime Vachier-Lagrave"]
[WhiteElo "2408"]
[BlackElo "2637"]
[PlyCount "70"]

1. e4 c5 2. Nf3 e6 3. d4 cxd4 4. Nxd4 a6 5. Bd3 Bc5 6. Nb3 Be7
7. O-O d6 8. Qe2 Nf6 9. f4 Nbd7 10. Nc3 Qc7 11. Bd2 b6
12. Rae1 Bb7 13. Kh1 h5 14. a4 g6 15. Nd4 h4 16. Nf3 Nh5
17. Kg1 Nc5 18. b4 Nd7 19. Nd5 exd5 20. exd5 Ndf6 21. c4 Kf8
22. f5 g5 23. Bxg5 Re8 24. Nxh4 Bd8 25. Qf3 Rxe1 26. Rxe1 b5
27. cxb5 Bxd5 28. Qe2 axb5 29. Bxb5 Kg7 30. a5 Qc3 31. Bd2
Qd4+ 32. Qf2 Qxf2+ 33. Kxf2 Ng4+ 34. Kg1 Bxh4 35. h3 Bf2+ 0-1

[Event "Pontoise op"]
[Site "Pontoise"]
[Date "2006.03.25"]
[EventDate "2006.??.??"]
[Round "9"]
[Result "1/2-1/2"]
[White "Maxime Vachier-Lagrave"]
[Black "Almira Fyodorovna Skripchenko"]
[WhiteElo "2637"]
[BlackElo "2501"]
[PlyCount "98"]

1. e4 c5 2. Nf3 e6 3. d4 cxd4 4. Nxd4 Nf6 5. Nc3 Nc6 6. Nxc6
bxc6 7. e5 Nd5 8. Ne4 Bb7 9. c4 Nb4 10. c5 Ba6 11. a3 Bxf1
12. Kxf1 Nd5 13. g3 Qb8 14. Qd4 Be7 15. Kg2 O-O 16. Rd1 f6
17. exf6 Bxf6 18. Nxf6+ Rxf6 19. b4 Qb5 20. Rd2 a5 21. Bb2
Raf8 22. a4 Qa6 23. bxa5 Qxa5 24. Re2 Rg6 25. Kh1 Rb8 26. Qe5
Rb7 27. Bd4 Rb4 28. h4 Rf6 29. Kg2 h6 30. Bc3 Nxc3 31. Qxc3
Qa6 32. Rd2 Rxa4 33. Rb1 Qc4 34. Rb8+ Kh7 35. Qe3 Ra1 36. Kh2
Rf1 37. Rb7 Qc1 38. Qe4+ Rf5 39. Rbxd7 Qxc5 40. R7d4 Qe5
41. Kg2 Rc1 42. Qxe5 Rxe5 43. Ra2 Rd5 44. Rf4 h5 45. Rf7 Rf5
46. Re7 Rf6 47. Raa7 Rg6 48. Rac7 c5 49. Rc6 c4 1/2-1/2

[Event "TCh-FRA Top 16 Gp A"]
[Site "Montpellier FRA"]
[Date "2006.03.30"]
[EventDate "2006.03.03"]
[Round "4"]
[Result "1/2-1/2"]
[White "Nicolas Bouchet"]
[Black "Maxime Vachier-Lagrave"]
[WhiteElo "2307"]
[BlackElo "2542"]
[PlyCount "86"]

1. e4 c5 2. Nf3 d6 3. c3 Nf6 4. h3 b6 5. d3 Bb7 6. Nbd2 Qc7
7. g3 Nbd7 8. Bg2 d5 9. Qe2 c4 10. exd5 cxd3 11. Qxd3 Nxd5
12. O-O e6 13. c4 N5f6 14. Nd4 Bxg2 15. Kxg2 Be7 16. Nb5 Qb7+
17. Qf3 O-O-O 18. Qxb7+ Kxb7 19. f4 Nc5 20. Nf3 Nd3 21. b3 Bc5
22. Ba3 Bxa3 23. Nxa3 Rd7 24. Ne5 Nxe5 25. fxe5 Ne4 26. Rad1
Rhd8 27. Rxf7 Rxf7 28. Rxd8 a6 29. Kg1 Rf2 30. Rd4 Rxa2
31. Rxe4 Rxa3 32. Rd4 Rxb3 33. Rd7+ Kc6 34. Rxg7 Kc5 35. Kf2
Kxc4 36. Rxh7 Kd4 37. h4 Kxe5 38. Ra7 a5 39. h5 Kf6 40. h6
Rb2+ 41. Kg1 Rd2 42. Rb7 a4 43. h7 Rd8 1/2-1/2

[Event "TCh-FRA Top 16 Gp A"]
[Site "Montpellier FRA"]
[Date "2006.04.01"]
[EventDate "2006.03.03"]
[Round "6"]
[Result "0-1"]
[White "Cyril Marcelin"]
[Black "Maxime Vachier-Lagrave"]
[WhiteElo "2441"]
[BlackElo "2542"]
[PlyCount "86"]

1. d4 Nf6 2. c4 g6 3. g3 Bg7 4. Bg2 c5 5. d5 d6 6. Nc3 a6
7. a4 O-O 8. Bf4 e5 9. dxe6 Bxe6 10. Bxd6 Re8 11. Bxc5 Qa5
12. b4 Qc7 13. Nd5 Nxd5 14. cxd5 Bxa1 15. Qxa1 Bf5 16. Nf3 Nd7
17. Be3 Qc4 18. Qb2 Qxd5 19. O-O Be4 20. Bd4 Rac8 21. Bh8 f6
22. Bxf6 Rc2 23. Qa1 Nxf6 24. Qxf6 Rxe2 25. Nh4 Qc6 26. Qa1
Bxg2 27. Nxg2 R2e4 28. Rc1 Qd6 29. Qa2+ Qe6 30. Qb2 Qe7 31. b5
a5 32. Ne3 Qg7 33. Qxg7+ Kxg7 34. Rc7+ R8e7 35. Rxe7+ Rxe7
36. Nc4 Re4 37. Nxa5 b6 38. Nb7 Rxa4 39. Nd6 Rb4 40. Ne8+ Kf7
41. Nc7 Rd4 42. f4 Rd7 43. Na6 Rd5 0-1